<?xml version="1.0" encoding="UTF-8"?>
<record
    xmlns:xsi="http://www.w3.org/2001/XMLSchema-instance"
    xsi:schemaLocation="http://www.loc.gov/MARC21/slim http://www.loc.gov/standards/marcxml/schema/MARC21slim.xsd"
    xmlns="http://www.loc.gov/MARC21/slim">

  <leader>00285nam a22001217a 4500</leader>
  <datafield tag="040" ind1=" " ind2=" ">
    <subfield code="c">SY</subfield>
  </datafield>
  <datafield tag="082" ind1=" " ind2=" ">
    <subfield code="a">808</subfield>
  </datafield>
  <datafield tag="100" ind1=" " ind2=" ">
    <subfield code="a">&#x1783;&#x17BD;&#x1793; &#x17A2;&#x17C0;&#x1784;</subfield>
  </datafield>
  <datafield tag="245" ind1=" " ind2=" ">
    <subfield code="a">Report writing skill, &#x179F;&#x179A;&#x179F;&#x17C1;&#x179A;&#x1794;&#x17B6;&#x1799;&#x1780;&#x17B6;&#x179A;&#x178E;&#x17CD;</subfield>
  </datafield>
  <datafield tag="260" ind1=" " ind2=" ">
    <subfield code="a">RUA</subfield>
    <subfield code="b">&#x1783;&#x17BD;&#x1793;</subfield>
    <subfield code="c">2008</subfield>
  </datafield>
  <datafield tag="300" ind1=" " ind2=" ">
    <subfield code="a">31p.</subfield>
  </datafield>
  <datafield tag="942" ind1=" " ind2=" ">
    <subfield code="c">KB</subfield>
  </datafield>
  <datafield tag="999" ind1=" " ind2=" ">
    <subfield code="c">10133</subfield>
    <subfield code="d">10133</subfield>
  </datafield>
  <datafield tag="952" ind1=" " ind2=" ">
    <subfield code="0">0</subfield>
    <subfield code="1">0</subfield>
    <subfield code="4">0</subfield>
    <subfield code="6">808_000000000000000_&#x1783;&#x17BD;&#x1793;_2008_C019_OR</subfield>
    <subfield code="7">0</subfield>
    <subfield code="9">52534</subfield>
    <subfield code="a">LBC</subfield>
    <subfield code="b">LBC</subfield>
    <subfield code="c">C019</subfield>
    <subfield code="d">2016-09-21</subfield>
    <subfield code="o">808 &#x1783;&#x17BD;&#x1793; 2008 C019 Or.</subfield>
    <subfield code="p">RUA056535</subfield>
    <subfield code="r">2016-09-21</subfield>
    <subfield code="y">KB</subfield>
  </datafield>
  <datafield tag="952" ind1=" " ind2=" ">
    <subfield code="0">0</subfield>
    <subfield code="1">0</subfield>
    <subfield code="4">0</subfield>
    <subfield code="6">808_000000000000000_&#x1783;&#x17BD;&#x1793;_2008_C019_OR</subfield>
    <subfield code="7">0</subfield>
    <subfield code="9">52535</subfield>
    <subfield code="a">LBC</subfield>
    <subfield code="b">LBC</subfield>
    <subfield code="c">C019</subfield>
    <subfield code="d">2016-09-21</subfield>
    <subfield code="o">808 &#x1783;&#x17BD;&#x1793; 2008 C019 Or.</subfield>
    <subfield code="p">RUA056410</subfield>
    <subfield code="r">2016-09-26</subfield>
    <subfield code="y">KB</subfield>
  </datafield>
</record>
